Transmission Mechanisms of Monetary Policy in Armenia : Evidence from VAR Analysis /

This paper examines monetary policy transmission in Armenia in light of the authorities' intention to shift to an inflation-targeting regime over the medium term. We find that the capability of monetary policy to influence economic activity and inflation is still limited, as important channels...

Description complète

Détails bibliographiques
Auteur principal: Dabla-Norris, Era
Autres auteurs: Floerkemeier, Holger
Format: Revue
Langue:English
Publié: Washington, D.C. : International Monetary Fund, 2006.
Collection:IMF Working Papers; Working Paper ; No. 2006/248
Accès en ligne:Full text available on IMF
LEADER 01937cas a2200253 a 4500
001 AALejournalIMF009149
008 230101c9999 xx r poo 0 0eng d
020 |c 5.00 USD 
020 |z 9781451865080 
022 |a 1018-5941 
040 |a BD-DhAAL  |c BD-DhAAL 
100 1 |a Dabla-Norris, Era. 
245 1 0 |a Transmission Mechanisms of Monetary Policy in Armenia :   |b Evidence from VAR Analysis /  |c Era Dabla-Norris, Holger Floerkemeier. 
264 1 |a Washington, D.C. :  |b International Monetary Fund,  |c 2006. 
300 |a 1 online resource (27 pages) 
490 1 |a IMF Working Papers 
500 |a <strong>Off-Campus Access:</strong> No User ID or Password Required 
500 |a <strong>On-Campus Access:</strong> No User ID or Password Required 
506 |a Electronic access restricted to authorized BRAC University faculty, staff and students 
520 3 |a This paper examines monetary policy transmission in Armenia in light of the authorities' intention to shift to an inflation-targeting regime over the medium term. We find that the capability of monetary policy to influence economic activity and inflation is still limited, as important channels of monetary transmission are not fully functional. In particular, the interest rate channel remains weak, even though there is some evidence of transmission to prices of changes in the repo rate, the central bank's new operating target for inflation. As in other emerging and transition economies with a high degree of dollarization, the exchange rate channel has a strong impact on the inflation rate. Moreover, we find that inflation does respond to broad money shocks, once foreign currency deposits are included. 
538 |a Mode of access: Internet 
700 1 |a Floerkemeier, Holger. 
830 0 |a IMF Working Papers; Working Paper ;  |v No. 2006/248 
856 4 0 |z Full text available on IMF  |u http://elibrary.imf.org/view/journals/001/2006/248/001.2006.issue-248-en.xml  |z IMF e-Library